000 00675nam a2200193 i 4500
001 28717
003 ES-MaACL
005 20230906153921.0
007 t|
008 030120s1854 fr ||||1| fre d
100 1 _aBarante, Prosper Brugière
_cbaron de (
_d1782-1866)
_925324
245 1 0 _aHistoire des Ducs de Bourgogne de la Maison de Valois
_b: 1364-1477 /
_cAmable Guillaume Prosper Brugiere, Baron de Barante.
250 _a7eme ed.
260 _aParís :
_bNormant,
_c1854.
300 _a12 v. ;
_c23 cm.
600 1 4 _aBorgoña, Duques de-
_vHistoria.
_9152880
651 4 _aBorgoña-
_xHistoria-
_y1363-1477, Casa de Valois.
_9152881
852 _aES-MaACL
_jF-12075-86
999 _c28717
_d28717